000
00490nam a2200181Ia 4500
008
090123s9999 xx 000 0 und d
082
_b
26141
_a
891.463/बोधे
100
_a
बोधे व.बा.
245
_a
बुलबुल
250
_a
1
260
_b
गौरी प्रकाशन
300
_a
173
600
_a
बोधे व.बा.
630
_a
बुलबुल
700
_a
बोधे व.बा.
730
_a
बुलबुल
942
_c
BOOK
999
_c
64212
_d
64212